Statistiken für Ziehe die Grenze der Schweiz nach

Klicken Sie hier um das Quiz zu spielen!

Allgemein

  • Dieses Quiz wurde 739 mal gespielt
  • Das Durchschnittsergebnis liegt bei 19 aus 29

Antworten auf der Karte

Die Antworten werden auf der Karte rot bzw. grün angezeigt, abhängig davon wie oft sie richtig erraten wurden.
 

Antwortstatistiken

Kanton% Korrekt
Genf
100%
Waadt
80%
Neuenburg
79%
Jura
78%
Basel-Landschaft
77%
Solothurn
70%
Basel-Landschaft
62%
Schaffhausen
62%
Aargau
61%
Graubünden
61%
Solothurn
61%
Tessin
61%
Wallis
61%
Zürich
61%
Basel-Landschaft
60%
Thurgau
60%
Zürich
60%
Basel-Landschaft
59%
Basel-Stadt
59%
Genf
59%
Schaffhausen
59%
St. Gallen
59%
Schaffhausen
58%
St. Gallen
58%
Thurgau
58%
Waadt
58%
Waadt
58%
Genf
57%
Thurgau
56%

Verteilung der Resultate

Perzentil nach korrekt beantworteten Fragen

Anzahl Personen mit jedem Resultat

Ihre Resultats-Entwicklung

Sie haben dieses Quiz noch nicht gespielt